Chile: travesías culturales
Uloženo v:
| Hlavní autoři: | , , , , , , , , , , , , , , |
|---|---|
| Další autoři: | , , |
| Médium: | Kniha |
| Jazyk: | španělština angličtina |
| Vydáno: |
Valparaíso
CNCA
2012
|
| Vydání: | 1a. ed |
| Témata: | |
| Tagy: |
Přidat tag
Žádné tagy, Buďte první, kdo vytvoří štítek k tomuto záznamu!
|
MARC
| LEADER | 00000cam a2200000 a 4500 | ||
|---|---|---|---|
| 001 | UCF4360 | ||
| 003 | CL-VaPUC | ||
| 008 | 121130e20120400CL |||||||||||||||||spa|d | ||
| 020 | |a 9789563520132 | ||
| 041 | 0 | 7 | |a spa |2 CL-VaPUC |
| 041 | 0 | 7 | |a eng |2 CL-VaPUC |
| 082 | 0 | 4 | |a 338.4791 |b ROJ |2 21 |
| 100 | 0 | |a Rojas, Daniel |e author |9 565886 | |
| 700 | |a Núñez Atencio, Lautaro |e autor |9 441291 | ||
| 700 | 0 | |a Mavrakis, Raúl |e author |9 565887 | |
| 700 | 0 | |a Zalaquett, Rodrigo |e author |9 565888 | |
| 700 | 0 | |a Ampuero, Gonzalo |e author |9 565889 | |
| 700 | |a Paz, Sergio |e autor |9 565890 | ||
| 700 | |a Jones Garvin, Michael |e author |9 558142 | ||
| 700 | 0 | |a Hotus, Julio |e author |9 565892 | |
| 700 | 0 | |a Galaz, Ramón |e author |9 565893 | |
| 700 | |a Gandolfo Gandolfo, Pedro |e autor |9 868159 | ||
| 700 | 0 | |a Weber, Arnoldo |e author |9 565894 | |
| 700 | 0 | |a Gedda, Manuel |e author |9 565895 | |
| 700 | 0 | |a Bettati, Bruno |e author |9 565896 | |
| 700 | 0 | |a Cárdenas, Renato |e author |9 518548 | |
| 700 | 0 | |a Rauld, Guillermo |e author |9 565897 | |
| 700 | 0 | |a Saavedra, Bárbara |e author |9 565898 | |
| 700 | 0 | |a Etchegaray, Paola |e author |9 565899 | |
| 700 | 0 | |a Prieto, Alfredo |e author |9 518550 | |
| 245 | 1 | 0 | |a Chile: travesías culturales |
| 246 | 1 | 0 | |a Cultural journeys |
| 250 | |a 1a. ed | ||
| 300 | |a 220 p | ||
| 942 | |c BK | ||
| 945 | |d 20121130 00:00:00 |a dcastane | ||
| 260 | |a Valparaíso |b CNCA |c 2012 | ||
| 650 | 0 | |a Turismo cultural |9 366372 | |
| 650 | 0 | |a Patrimonio cultural |9 309364 | |
| 650 | 0 | |a Desarrollo cultural |9 267526 | |
| 650 | 0 | |a Geografía |9 259346 | |
| 650 | 0 | |a Industria turística |9 347913 | |
| 583 | |a last modification |c 20121130 23:21:00 |k Rodrigo Vera | ||
| 999 | |c 350167 |d 350165 | ||
| 952 | |0 0 |1 0 |4 0 |6 338_479100000000000_ROJ_2012 |7 0 |8 X |9 453384 |a FDOBUD |b FDOBUD |d 2019-11-22 |i 4930460 |o 338.4791 ROJ 2012 |p 4930460 |r 2019-11-22 |w 2019-11-22 |y BK_X |k BUD | ||